000 00507nam a22001817a 4500
005 20130722143507.0
010 _aENG-108116
020 _c200.00
_a9788173414770
035 _aEN-91649
037 _bDBAD/PUB
082 _a821
100 _aBhatnagar, Mahendra
245 0 0 _aDown to dusk /
_cby Mahendra Bhatnagar
260 _aDelhi
_bIndian Publishers' Distributors
_c2011
270 _a156-D, Kamla Nagar
_bDelhi
_e110007
300 _a173p.
_c18cm(Hb)
942 _2ddc
_cEN
_mBHA
_h821
999 _c77869
_d77869